Statistiques concernant Culture Générale - Série 785

Cliquez ici pour prendre le quiz!

Statistiques générales

  • Ce quiz a été pris 160 fois
  • Le résultat moyen est 7 sur 10

Statistiques - réponses

QuestionRéponse% Correct
En concert, que tient le chef d'orchestre pour diriger les musiciens ?baguette
92%
Quelle lettre désigne les rayons découverts par le physicien Röntgen en 1895 ?X
92%
Qu'est-ce qui peut être à aubes, de secours ou de la Fortune ?roue
91%
Outre l'espagnol, quelle langue parle-t-on principalement à Barcelone ?catalan
90%
Dérivé du verbe "oublier", quel mot désigne un cachot dans les châteaux moyenâgeux ?oubliettes
90%
Complétez le titre d'une chanson de Jacques Brel : "La Valse à mille...temps
90%
Quel manteau d'Amérique du Sud est fait d'une pièce de laine rectangulaire, ouverte en son milieu, pour laisser passer la tête ?poncho
82%
Comment appelle-t-on la substance secrétée par les abeilles pour nourrir leur reine ?gelée royale
51%
Quelle présentatrice, prénommée Catherine, animait “La Séquence du spectateur” et “Art et magie de la cuisine” ?Catherine Langeais
33%
Comment s'appelle l'artisan qui fabrique des orgues, des clavecins ou des harpes ?facteur
16%

Distribution des résultats

Percentile par nombre de réponses

% des personnes avec chaque résultat

Votre développement - résultats

Vous n’avez pas pris ce quiz